| 000 | 01041cam a22002891 4500 | ||
|---|---|---|---|
| 001 | 6415591 | ||
| 003 | ARRUPE | ||
| 005 | 20160122122119.0 | ||
| 008 | 830107s1932 sa abcf b 000 0 eng | ||
| 010 | _a 33013735 | ||
| 035 | _a(OCoLC)9109535 | ||
| 040 |
_aDLC _cMBU _dOCoLC _dDLC |
||
| 042 | _apremarc | ||
| 050 | 0 | 0 |
_aSPC DT732 _b.L4 |
| 082 | _a916.8 | ||
| 100 | 1 |
_aLetcher, Owen. _921740 |
|
| 245 | 1 | 0 |
_aSouth Central Africa; _ban outline of the history, geography, commerce and transportation systems of the Congo-Zambesi watershed, with special reference to the mineral industry. _cBy Owen Letcher ... |
| 260 |
_aJohannesburg, _bAfrican publications, _c1932. |
||
| 300 |
_a263 p.; _b1 illus., plates, ports., maps (part fold.) _c25 cm. |
||
| 500 | _a"Edition ordinaire." | ||
| 504 | _aBibliography: p. 251-255. | ||
| 650 | 0 |
_aCopper mines and mining _zAfrica. _921741 |
|
| 651 | 0 |
_aAfrica, Central. _921742 |
|
| 651 | 0 |
_aSouth Africa. _921743 |
|
| 906 |
_a7 _bcbc _coclcrpl _du _encip _f19 _gy-gencatlg |
||
| 942 |
_2lcc _cMONOGRAPH |
||
| 999 |
_c124016 _d124016 |
||